<?xml version="1.0" encoding="UTF-8"?><?xml-stylesheet type="text/xsl" href="static/style.xsl"?><OAI-PMH xmlns="http://www.openarchives.org/OAI/2.0/" xmlns:xsi="http://www.w3.org/2001/XMLSchema-instance" xsi:schemaLocation="http://www.openarchives.org/OAI/2.0/ http://www.openarchives.org/OAI/2.0/OAI-PMH.xsd"><responseDate>2026-04-17T14:55:06Z</responseDate><request verb="GetRecord" identifier="oai:www.recercat.cat:2117/427270" metadataPrefix="marc">https://recercat.cat/oai/request</request><GetRecord><record><header><identifier>oai:recercat.cat:2117/427270</identifier><datestamp>2025-07-22T17:48:43Z</datestamp><setSpec>com_2072_1033</setSpec><setSpec>col_2072_452951</setSpec></header><metadata><record xmlns="http://www.loc.gov/MARC21/slim" xmlns:dcterms="http://purl.org/dc/terms/" xmlns:xsi="http://www.w3.org/2001/XMLSchema-instance" xmlns:doc="http://www.lyncode.com/xoai" xsi:schemaLocation="http://www.loc.gov/MARC21/slim http://www.loc.gov/standards/marcxml/schema/MARC21slim.xsd">
   <leader>00925njm 22002777a 4500</leader>
   <datafield ind2=" " ind1=" " tag="042">
      <subfield code="a">dc</subfield>
   </datafield>
   <datafield ind2=" " ind1=" " tag="720">
      <subfield code="a">Trávez Ortiz, Marilyn</subfield>
      <subfield code="e">author</subfield>
   </datafield>
   <datafield ind2=" " ind1=" " tag="260">
      <subfield code="c">2025-02-14</subfield>
   </datafield>
   <datafield ind2=" " ind1=" " tag="520">
      <subfield code="a">El objetivo de la tesis es ofrecer una mirada a la ciudad de Barcelona a través de los escaparates. El escaparate es un espacio umbral, tanto de forma física como simbólica, que se sitúa entre la calle y la tienda, así como entre la arquitectura y la gente. La investigación parte de la premisa de observar la ciudad a través de los escaparates, concebidos como los museos de nuestra civilización. En este contexto, la primera etapa de la investigación consistió en la búsqueda de información de archivo, recolectando casos de estudio bajo el criterio de la exposición del producto hacia la calle. Esta búsqueda permitió estructurar la tesina en dos escalas: urbana y arquitectónica.&#xd;
La primera explora los escaparates como espacios que dialogan con el exterior, no solo mediante distintas estrategias de diseño que invitan al ciudadano a ser partícipe, sino también a través del papel fundamental que desempeñaron en la construcción de la identidad de la ciudad. La segunda concibe el escaparate como un espacio capaz de articular el interior y el exterior, donde sus límites son difusos, un lugar que promueve el encuentro y que divulga la cultura a través de la exposición. A diferencia del consumo, algunos escaparates en Barcelona promueven el arte de vender, y su éxito fue dado por sus propietarios.</subfield>
   </datafield>
   <datafield tag="653" ind2=" " ind1=" ">
      <subfield code="a">Àrees temàtiques de la UPC::Arquitectura::Disseny</subfield>
   </datafield>
   <datafield tag="653" ind2=" " ind1=" ">
      <subfield code="a">Show windows -- Spain -- Barcelona</subfield>
   </datafield>
   <datafield tag="653" ind2=" " ind1=" ">
      <subfield code="a">Storefronts -- Spain -- Barcelona</subfield>
   </datafield>
   <datafield tag="653" ind2=" " ind1=" ">
      <subfield code="a">Escaparate</subfield>
   </datafield>
   <datafield tag="653" ind2=" " ind1=" ">
      <subfield code="a">Ciudad</subfield>
   </datafield>
   <datafield tag="653" ind2=" " ind1=" ">
      <subfield code="a">Calle</subfield>
   </datafield>
   <datafield tag="653" ind2=" " ind1=" ">
      <subfield code="a">Umbral</subfield>
   </datafield>
   <datafield tag="653" ind2=" " ind1=" ">
      <subfield code="a">Aparadors -- Catalunya -- Barcelona</subfield>
   </datafield>
   <datafield tag="653" ind2=" " ind1=" ">
      <subfield code="a">Establiments comercials -- Façanes -- Catalunya -- Barcelona</subfield>
   </datafield>
   <datafield ind2="0" ind1="0" tag="245">
      <subfield code="a">Escaparates en Barcelona</subfield>
   </datafield>
</record></metadata></record></GetRecord></OAI-PMH>